00423cam a2200169ua 45000010006000000050017000060080039000230400009000620410008000710820014000791000032000932450044001252500012001692600039001813000010002206530023002301023720260515114608.0171024n ii |||gr||||Z||||||asm cMAIN aasm a891.45103 aKotoky, Prafulla,eAuthor., aSahitya sangya koshcBy Prafulla Kotoky a3rd ed. aGuwahati:bJyoti prakashan,c2013. a280p. aAssamese thesaurus